départements 21 - 40 aléatoires - Statistiques

Statistiques générales
  • Ce quiz a été pris 14 fois
  • Le résultat moyen est 19 sur 20
Statistiques - réponses
Numéros Départements % Correct
21 cote d'or
100%
22 cotes d'armor
100%
24 dordogne
100%
25 doubs
100%
26 drome
100%
29 finistere
100%
30 gard
100%
33 gironde
100%
34 herault
100%
36 indre
100%
37 indre et loire
100%
38 isere
100%
39 jura
100%
23 creuse
93%
27 eure
93%
28 eure et loir
93%
32 gers
93%
31 haute garonne
93%
35 ille et vilaine
86%
40 landes
71%
Aucun quiz correspondant
Distribution des résultats
% des personnes avec chaque résultat
Percentile par nombre de réponses
Votre historique - résultats
Vous n’avez pas pris ce quiz